书目信息 |
| 题名: |
结构力学学习辅导
|
|
| 作者: | 关群 编 | |
| 分册: | ||
| 出版信息: | 合肥 中国科学技术大学出版社 2007.01 |
|
| 页数: | 220页 | |
| 开本: | 26cm | |
| 丛书名: | ||
| 单 册: | ||
| 中图分类: | O342 | |
| 科图分类: | ||
| 主题词: | 结构力学--jie gou li xue--高等教育--自学参考资料 | |
| 电子资源: | ||
| ISBN: | 7-312-01179-9 | |
| 000 | 00717nam0 2200217 450 | |
| 001 | 012007076546 | |
| 005 | 20070927103938.34 | |
| 010 | @a7-312-01179-9@dCNY20.00 | |
| 100 | @a20070609d2007 km y0chiy0120 ea | |
| 101 | 0 | @achi |
| 102 | @aCN@b340000 | |
| 105 | @aa z 000yy | |
| 200 | 1 | @a结构力学学习辅导@Ajie gou li xue xue xi fu dao@f关群编@Fguan qun bian |
| 210 | @a合肥@c中国科学技术大学出版社@d2007.01 | |
| 215 | @a220页@c图@d26cm | |
| 330 | @a本书内容包括:绪论、平面体系的几何组成分析、静定梁、静定平面刚架、三铰拱、静定结构的位移计算等等。 | |
| 606 | 0 | @a结构力学@Ajie gou li xue@x高等教育@j自学参考资料 |
| 690 | @aO342@v4 | |
| 701 | 0 | @a关群@Aguan qun@4编 |
| 801 | 0 | @aCN@c20070927 |
| 905 | @dO342@eG548 | |
| 结构力学学习辅导/关群编.-合肥:中国科学技术大学出版社,2007.01 |
| 220页:图;26cm |
| ISBN 7-312-01179-9:CNY20.00 |
| 本书内容包括:绪论、平面体系的几何组成分析、静定梁、静定平面刚架、三铰拱、静定结构的位移计算等等。 |
| ● |
| 相关链接 |
|
|
|
正题名:结构力学学习辅导
索取号:O342/G548
 
预约/预借
| 序号 | 登录号 | 条形码 | 馆藏地/架位号 | 状态 | 备注 |
| 1 | 244113 | 202441134 | 自科库401/401自科库 52排3列3层/ [索取号:O342/G548] | 在馆 | |
| 2 | 244114 | 202441143 | 自科库401/401自科库 52排3列3层/ [索取号:O342/G548] | 在馆 | |
| 3 | 244115 | 202441152 | 自科库401/401自科库 53排6列4层/ [索取号:O342/G548] | 在馆 | |
| 4 | 244116 | 202441161 | 自科库401/504自科库 43排5列6层/ [索取号:O342/G548] | 在馆 | |
| 5 | 244117 | 202441170 | 自科二线504/504自科库 43排5列6层/ [索取号:O342/G548] | 在馆 |